[Event "POR-ch Absolute 2018"]
[Site "Braga"]
[Date "2018.09.05"]
[Round "4"]
[White "Veiga, Jose Francisco R P "]
[Black "Martins, David Pires Tavares"]
[Result "1/2-1/2"]
[WhiteElo "2231"]
[BlackElo "2402"]
[Annotator "NA"]
[PlyCount "81"]
[EventDate "2018.09.02"]
[EventType "tourn"]
[EventCountry "POR"]
[SourceTitle "playchess.com"]
[Source "ChessBase"]
[SourceQuality "1"]
[TimeControl "40/5400+30:1800+30"]

1. e4 {[%emt 0:06:00]} d6 {[%emt 0:00:20]} 2. d4 {[%emt 0:00:36]} Nf6 {[%emt 0:00:06]} 3. Nc3 {[%emt 0:00:04]} e5 {[%emt 0:00:05]} 4. Nf3 {[%emt 0:00:30]} Nbd7 {[%emt 0:05:01]} 5. Bc4 {[%emt 0:00:24]} Be7 {[%emt 0:00:17]} 6. O-O {[%emt 0:00:14]} O-O {[%emt 0:00:07]} 7. Re1 {[%emt 0:00:18]} a6 {[%emt 0:00:48]} 8. a4 {[%emt 0:00:14]} b6 9. b3 {[%emt 0:03:00]} Bb7 {[%emt 0:01:13]} 10. Bb2 {[%emt 0:00:30]} exd4 {[%emt 0:01:04]} 11. Qxd4 {[%emt 0:01:20]} Re8 {[%emt 0:01:59]} 12. Nd5 {[%emt 0:13:41]} Bf8 {[%emt 0:00:21]} 13. Nxf6+ {[%emt 0:04:46]} Qxf6 {[%emt 0:02:38]} 14. Qxf6 {[%emt 0:00:31]} Nxf6 {[%emt 0:00:06]} 15. Bxf6 {[%emt 0:04:18]} gxf6 {[%emt 0:00:05]} 16. Bd5 {[%emt 0:00:15]} c6 {[%emt 0:00:28]} 17. Bc4 {[%emt 0:00:05]} f5 {[%emt 0:08:59]} 18. exf5 {[%emt 0:05:07]} d5 {[%emt 0:00:09]} 19. Bd3 {[%emt 0:00:08]} Bb4 {[%emt 0:00:09]} 20. Rxe8+ {[%emt 0:02:30]} Rxe8 {[%emt 0:00:08]} 21. Rd1 {[%emt 0:05:41]} c5 {[%emt 0:03:12]} 22. Kf1 {[%emt 0:05:25]} Kg7 {[%emt 0:06:52]} 23. h4 {[%emt 0:07:46]} h6 {[%emt 0:02:23]} 24. g4 {[%emt 0:04:00]} Bc3 {[%emt 0:17:39]} 25. Kg2 {[%emt 0:01:22]} c4 {[%emt 0:05:35]} 26. bxc4 {[%emt 0:04:38]} dxc4 {[%emt 0:00:06]} 27. Bf1 {[%emt 0:00:06]} b5 {[%emt 0:01:32]} 28. Kg3 {[%emt 0:13:33]} Be4 {[%emt 0:03:04]} 29. Kf4 {[%emt 0:01:55]} bxa4 {[%emt 0:15:04]} 30. g5 {[%emt 0:03:24]} hxg5+ {[%emt 0:08:23]} 31. Nxg5 {[%emt 0:00:49]} Bxc2 {[%emt 0:02:24]} 32. Rd7 {[%emt 0:00:37]} Bd3 {[%emt 0:00:24]} 33. Bxd3 {[%emt 0:02:58]} cxd3 {[%emt 0:00:08]} 34. Rxd3 {[%emt 0:00:16]} Bb2 {[%emt 0:00:38]} 35. Rd7 {[%emt 0:02:16]} a3 {[%emt 0:15:18]} 36. Rxf7+ {[%emt 0:00:04]} Kg8 {[%emt 0:00:03]} 37. f6 {[%emt 0:00:32]} Rf8 {[%emt 0:00:08]} 38. Rg7+ {[%emt 0:04:21]} Kh8 {[%emt 0:00:05]} 39. Rh7+ {[%emt 0:00:05]} Kg8 {[%emt 0:00:03]} 40. Rg7+ {[%emt 0:00:00]} Kh8 {[%emt 0:00:00]} 41. Ke4 1/2-1/2

[Event "POR-ch Absolute 2018"]
[Site "Braga"]
[Date "2018.09.05"]
[Round "5"]
[White "Martins, David Pires Tavares"]
[Black "Rego, Pedro Filipe"]
[Result "1-0"]
[WhiteElo "2402"]
[BlackElo "2270"]
[Annotator "TA"]
[PlyCount "51"]
[EventDate "2018.09.02"]
[EventType "tourn"]
[EventCountry "POR"]
[SourceTitle "playchess.com"]
[Source "ChessBase"]
[SourceQuality "1"]

{[%evp 16,51,-14,-30,-43,-33,-11,-39,-29,-17,0,0,0,0,0,14,50,53,125,113,106,92,190,164,212,206,205,212,283,70,170,211,295,316,29986,29987,7005,1084]} 1. d4 Nf6 2. c4 e6 3. Nc3 Bb4 4. Qc2 b6 5. e4 c5 6. a3 {E32: Nimzo-Indian: Classical (4 Qc2): 4...0-0} (6. d5 exd5 7. exd5 Qe7+ 8. Nge2 O-O 9. Bd2 d6 10. O-O-O Ng4 11. Be1 Nd7 12. Ng3 Ndf6 13. h3 Ne5 {1-0 (35) Zhou,J (2597)-Wei,Y (2743) Shenzhen 2017}) 6... Bxc3+ 7. bxc3 Bb7 8. e5 Ng8 9. Nf3 {LiveBook: 6 Games} Bxf3 $1 10. gxf3 Nc6 11. Qe4 cxd4 12. cxd4 {[%cal Bc3d4,Bd4d5][%mdl 32]} Nge7 13. d5 Na5 14. Bg5 $146 {[%mdl 2048] Black is under pressure.} h6 15. Bxe7 Kxe7 16. Rd1 Qc8 (16... Nb3 $14) 17. Rg1 $1 $16 {[%cal Rg1g7]} ({But not} 17. dxe6 $6 dxe6 18. Be2 Qc5 $15) 17... Kf8 18. Bd3 exd5 (18... Rg8 $16) 19. cxd5 $18 ({Don't do} 19. Qxd5 $6 Qc6 $14) 19... Qc3+ 20. Kf1 Re8 21. f4 Qb3 22. Ke2 $2 ({White must play} 22. Qb4+ $1 $18 Re7 23. Be2) 22... Qb2+ {[#]} (22... Qxa3 $14 23. Qf5 Qa2+ 24. Kf3 Qxd5+ 25. Be4 Qe6) 23. Kf3 $1 {Threatens to win with Qb4+.} Nb7 24. Qf5 Nc5 $2 {[#]} (24... Qb3 $18 25. Qxd7 Nc5 26. Qd6+ Re7) 25. Rxg7 $1 {[%csl Gg7][%cal Rf5f7][%mdl 512]} Re7 (25... Kxg7 26. Qf6+) 26. d6 {Precision: White = 58%, Black = 18%.} (26. Qf6 $142 Nxd3 27. Rxd3) 1-0

[Event "POR-ch Absolute 2018"]
[Site "Braga"]
[Date "2018.09.06"]
[Round "5"]
[White "Sousa, Andre Ventura"]
[Black "Martins, Bruno Andre Leite"]
[Result "1/2-1/2"]
[WhiteElo "2365"]
[BlackElo "2262"]
[Annotator "TA"]
[PlyCount "73"]
[EventDate "2018.09.02"]
[EventType "tourn"]
[EventCountry "POR"]
[SourceTitle "playchess.com"]
[Source "ChessBase"]
[SourceQuality "1"]

{[%evp 12,73,31,10,4,12,42,29,20,15,38,9,37,15,37,38,37,29,45,45,52,40,54,8,0,0,0,0,0,0,0,0,0,0,0,0,0,0,0,0,0,0,31,0,0,-35,-35,-35,-36,-36,-36,-39,-39,-41,-22,-29,-25,-20,-10,-39,0,0,0,0]} 1. e4 c5 2. Nf3 {[%cal Bg1f3,Bf3d4,Bd4b5][%mdl 32]} Nc6 3. d4 cxd4 4. Nxd4 e5 5. Nb5 d6 6. c4 {[%cal Bc2c4,Bc4d5][%mdl 32]} Be7 7. Be3 {LiveBook: 19 Games} a6 {B32: Sicilian: Löwenthal and Kalashnikov Variations} (7... Nf6 8. f3 O-O 9. N1c3 a6 10. Na3 Be6 11. Be2 Rc8 12. O-O Nd4 13. Bd3 Qb6 14. Qd2 Nh5 15. Rf2 {0-1 (45) Indjic,A (2547)-Kovalenko,I (2667) Warsaw 2016}) 8. N5c3 Nf6 9. Nd5 Nxd5 {White has an edge.} 10. cxd5 Nd4 $146 ({Predecessor:} 10... Nb8 11. Nd2 Nd7 12. Rc1 O-O 13. Qc2 f5 14. exf5 Nf6 {1-0 (31) Majdan,J (2361)-Doluhanova,E (2341) Paks 2009}) 11. Bd3 O-O 12. O-O b5 13. Nd2 Bd7 14. Rc1 Qa5 15. f4 Rac8 16. Rxc8 Bxc8 17. Bb1 Qb4 18. Nb3 Nxb3 19. Qxb3 Qxb3 20. axb3 exf4 21. Bxf4 Bb7 22. Rc1 {[#] Threatens to win with Rc7.} Rc8 23. Rxc8+ Bxc8 $11 {[%mdl 4096] Endgame KBB-KBB} 24. Kf2 f6 25. Bd3 Kf7 26. Kf3 Ke8 27. Kg3 Kf7 28. Be2 g5 29. Bh5+ Kg7 30. Bd2 f5 31. Kf3 Bf6 32. Bb4 g4+ 33. Ke3 Be5 34. g3 Kf6 35. Be8 Kg5 36. exf5 Bxf5 37. Bc6 {Precision: White = 60%, Black = 56%.} 1/2-1/2

[Event "POR-ch Absolute 2018"]
[Site "Braga"]
[Date "2018.09.05"]
[Round "5"]
[White "Silva, Luis Neves Da"]
[Black "Fernandes, Antonio"]
[Result "1/2-1/2"]
[WhiteElo "2353"]
[BlackElo "2389"]
[Annotator "TA"]
[PlyCount "74"]
[EventDate "2018.09.02"]
[EventType "tourn"]
[EventCountry "POR"]
[SourceTitle "playchess.com"]
[Source "ChessBase"]
[SourceQuality "1"]

{[%evp 23,74,10,17,2,0,0,11,-31,-34,-35,27,-31,-14,-18,57,40,46,0,0,0,22,13,15,0,0,0,0,0,0,0,0,0,0,0,0,0,0,0,0,0,0,0,0,0,0,0,0,0,0,0,0,0,0]} 1. Nf3 Nf6 2. c4 c6 3. d4 d5 4. Nc3 dxc4 5. a4 Bf5 6. Ne5 Nbd7 7. Nxc4 Nb6 8. Ne5 a5 9. h4 {D17: Slav Defence: 5 a4 Bf5: Lines with 6 Nh4 and 6 Ne5} (9. e3 Nbd7 10. Bd3 Bxd3 11. Nxd3 g6 12. Qb3 Qb6 13. Qxb6 Nxb6 14. Ke2 Bg7 15. Nc5 Ra7 16. e4 O-O {½-½ (49) Vidit,S (2707)-Bu,X (2725) Liaocheng 2018}) 9... h6 10. f3 Bh7 11. e4 e6 12. Be3 Bb4 {LiveBook: 6 Games} 13. Kf2 $146 ({Predecessor:} 13. Qb3 O-O 14. g4 Nfd7 15. Nd3 Qe7 16. O-O-O c5 17. dxc5 Nxc5 18. Nxc5 Bxc5 19. Bxc5 Qxc5 {1-0 (54) Kantor,G (2506)-Havasi,G (2372) Budapest 2017}) 13... Nfd7 14. Nxd7 Nxd7 15. Qd2 O-O 16. g4 e5 (16... f5 $15 17. gxf5 Nb6) 17. g5 (17. Rd1 $11) 17... exd4 $15 18. Bxd4 Bc5 (18... Ne5 $11) 19. Bxc5 $14 Nxc5 20. Qxd8 (20. Qe3 $5 {[%cal Re3c5]} Qb6 21. gxh6 $16) 20... Rfxd8 {The position is equal.} 21. Ke3 Rd6 22. Be2 Rad8 23. Rad1 Rxd1 24. Rxd1 Rxd1 25. Bxd1 hxg5 26. hxg5 $11 {[%mdl 4096] Endgame KBN-KBN} f6 27. gxf6 gxf6 28. Nb1 Kf8 29. Nd2 Bg8 30. Kd4 b6 31. f4 Ke7 32. e5 fxe5+ 33. fxe5 Bd5 34. Bc2 Ke6 35. Bh7 Ke7 36. Bc2 Kd7 37. Bf5+ Ne6+ {Precision: White = 65%, Black = 71%.} 1/2-1/2

[Event "POR-ch Absolute 2018"]
[Site "Braga"]
[Date "2018.09.06"]
[Round "5"]
[White "Vasques, Antonio Pedro Freix"]
[Black "Rocha, Sergio"]
[Result "0-1"]
[WhiteElo "2239"]
[BlackElo "2379"]
[Annotator "TA"]
[PlyCount "96"]
[EventDate "2018.09.02"]
[EventType "tourn"]
[EventCountry "POR"]
[SourceTitle "playchess.com"]
[Source "ChessBase"]
[SourceQuality "1"]

{[%evp 12,96,36,0,34,31,45,14,19,-20,32,27,46,33,34,29,51,0,0,0,0,0,23,15,22,24,8,16,0,-22,28,0,10,10,8,6,38,0,39,24,24,31,34,18,22,41,32,0,0,-16,-13,-9,0,-107,-107,-107,-107,-107,-107,-107,-107,-107,-107,-107,-107,-107,-104,-107,-107,-412,-293,-262,-168,-513,-488,-472,-472,-1118,-452,-969,0,-1067,-1062,-911,-888,-1028,-981]} 1. e4 c6 2. d4 d5 3. e5 Bf5 4. Nf3 e6 5. Be2 Nd7 6. O-O a6 7. b3 {LiveBook: 4 Games. B12: Caro-Kann: Advance Variation} (7. Nbd2 c5 8. c4 Ne7 9. dxc5 Nxc5 10. Nb3 Nc6 11. Be3 Nxb3 12. Qxb3 d4 13. Rfd1 Bc5 14. Nxd4 Nxd4 15. Bxd4 Bxd4 {1-0 (28) Adhiban,B (2590)-Short,N (2683) Caleta 2014 CBM 159 [Saunders,J]}) 7... h6 8. c4 Ne7 {[%cal Bg8e7,Be7f5,Bf5h4][%mdl 32]} 9. Ba3 {White is slightly better.} g5 $146 ({Predecessor:} 9... Ng6 10. Bxf8 Ndxf8 11. g3 Nd7 12. Re1 O-O 13. Bd3 Bg4 14. Nbd2 dxc4 15. Nxc4 c5 16. Be4 cxd4 17. Bxb7 {0-1 (51) Kartsev,S (2100)-Nedochetov,M (2354) Pardubice 2008}) 10. Nbd2 Bg7 (10... Ng6 $11 11. Bxf8 Kxf8) 11. h3 Bg6 12. Re1 Nf5 13. Nf1 h5 14. g4 (14. N1h2 $14) 14... hxg4 $11 15. hxg4 Nh4 16. cxd5 cxd5 17. Ng3 Nb8 18. Qd2 Nxf3+ 19. Bxf3 Nc6 20. Rac1 (20. Bc5 {with more complications.} Bf8 21. Rac1 Qa5 22. b4 Qa4 23. Bd1) 20... Bf8 21. Bc5 Bxc5 22. Rxc5 Kf8 23. b4 Kg7 24. Rec1 Rb8 25. b5 axb5 26. Rxb5 Qe7 27. Qb2 {Rxc6! is the strong threat.} Rhc8 {aiming for ...Nxd4!} 28. Kg2 Rc7 29. Rb6 {Strongly threatening Rbxc6!} Ra8 {[%cal Bb8a8,Ba8a4,Ba4d4][%mdl 32]} 30. Rc5 Ra4 31. Bd1 $1 {[%cal Rd1a4]} Rxd4 {[#]} 32. Rcxc6 (32. Rbxc6 $1 $11 {[%mdl 512]} Rxc6 (32... bxc6 33. Qxd4) 33. Rxc6 Rxd1 34. Rc8) 32... Rxd1 $17 33. Rxc7 Qxc7 34. Rxb7 Qc4 $36 {[%mdl 2048] White is under strong pressure.} 35. Rb4 Be4+ 36. Kh2 {[#]} Qd3 $1 37. Rb3 {[#]} Rd2 $1 {[%cal Rd2b2]} 38. Rxd3 Rxb2 39. Nxe4 dxe4 {[%mdl 4096] Endgame KR-KR} 40. Ra3 $2 {[%mdl 8192]} (40. Re3 $17 {is tougher.}) 40... Rxf2+ $19 41. Kg3 Rd2 42. Ra5 $2 (42. Re3 {is more resistant.}) 42... Rd3+ 43. Kg2 Rf3 44. Rb5 (44. Ra4 $142 Rf4 45. Kg3) 44... Rf4 (44... Ra3 $142 45. Rb4 Rxa2+ 46. Kf1 e3) 45. Kg3 (45. Rb3 $142 Rxg4+ 46. Kf2) 45... Rf3+ 46. Kg2 Ra3 {Black is clearly winning.} 47. Rb2 Ra5 48. a4 Rxa4 {Precision: White = 36%, Black = 52%.} 0-1

[Event "POR-ch Absolute 2018"]
[Site "Braga"]
[Date "2018.09.06"]
[Round "5"]
[White "Padeiro, Jose"]
[Black "Veiga, Jose Francisco R P "]
[Result "0-1"]
[WhiteElo "2209"]
[BlackElo "2231"]
[Annotator "TA"]
[PlyCount "96"]
[EventDate "2018.09.02"]
[EventType "tourn"]
[EventCountry "POR"]
[SourceTitle "playchess.com"]
[Source "ChessBase"]
[SourceQuality "1"]

{[%evp 17,96,0,1,-16,-9,-17,-8,-12,-14,-13,0,-19,-16,-10,-3,-12,0,9,12,-12,-6,-9,0,-41,0,-6,0,0,35,0,0,0,0,0,0,-14,-14,-14,-15,-27,-8,-12,20,-39,-42,-103,-102,-148,-125,-200,-179,-244,-195,-342,-301,-356,-283,-422,-414,-486,-502,-496,-542,-539,-527,-551,-538,-452,-410,-576,-439,-732,-735,-729,-717,-1058,-857,-722,-701,-1060,-1035]} 1. d4 Nf6 2. Nf3 c5 3. e3 g6 4. Be2 Bg7 5. O-O O-O 6. b3 Nc6 7. Bb2 cxd4 8. Nxd4 d5 9. c4 {D04: Damenbauernspiele} (9. Nxc6 bxc6 10. c4 a5 11. cxd5 cxd5 12. Nc3 Ne4 13. Qc1 Nxc3 14. Bxc3 e5 15. Rd1 d4 16. exd4 exd4 {0-1 (36) Adly,A (2594)-Svidler,P (2753) Dubai 2014}) 9... Nxd4 {LiveBook: 4 Partien} 10. exd4 b6 11. Bf3 {Die Stellung ist ausgeglichen.} Be6 $146 ({Vorgänger:} 11... Ba6 12. Nd2 Rc8 13. Rc1 Qd6 14. Re1 e6 15. Rc2 {½-½ (43) Brasilio,F (1934)-Melo,S (1785) Curitiba 2015}) 12. Na3 Rc8 {[%cal Rd5c4]} 13. Qe2 Qd7 14. Rfd1 Bf5 15. Rac1 Bh6 16. Rc3 Ne4 17. Bxe4 $1 Bxe4 18. Nc2 (18. g4 {feels hotter.} g5 19. Re3 Bg6 20. cxd5 Rfe8 21. Nc4) 18... Bxc2 19. Rxc2 Bg7 20. Rdc1 Bh6 21. Rd1 e6 22. c5 Rc7 23. b4 Qa4 24. Bc3 Rfc8 25. Rb2 Bg7 26. Qc2 Qxc2 27. Rxc2 {[#]} e5 $1 {[%mdl 512]} 28. g3 (28. dxe5 bxc5) 28... bxc5 29. dxc5 d4 30. Bb2 (30. Bd2 $11) 30... f6 $15 {[%cal Bf7f6,Bf6f5][%mdl 32]} 31. Kf1 (31. Rc4 $15) 31... Kf7 $17 32. Ke2 Ke6 33. Kd3 (33. Bxd4 $17 exd4 34. Rxd4) 33... Kd5 34. f3 (34. Ke2 {war angesagt.}) 34... f5 35. Re2 (35. Ke2 $142) 35... Rb8 $19 36. Ba3 Re8 37. Rde1 (37. Kc2 {ist wohl besser.}) 37... Rce7 38. Kc2 e4 39. fxe4+ fxe4 40. Kb3 d3 41. Rd2 Bh6 42. Rdd1 Re6 43. b5 (43. h4 {einziger Zug.} d2 44. Re2) 43... Bf8 {Schwarz steht klar auf Gewinn.} 44. c6 (44. Bb4 $142 Bxc5 45. Bxc5 Kxc5 46. Kc3) 44... Bxa3 45. Kxa3 Kd4 46. Rc1 d2 47. Red1 e3 48. c7 Rc8 {Precision: Weiß = 28%, Schwarz = 64%.} 0-1

[Event "POR-ch Absolute 2018"]
[Site "Braga"]
[Date "2018.09.06"]
[Round "6"]
[White "Fernandes, Antonio"]
[Black "Martins, David Pires Tavares"]
[Result "1/2-1/2"]
[WhiteElo "2389"]
[BlackElo "2402"]
[Annotator "TA"]
[PlyCount "167"]
[EventDate "2018.09.02"]
[EventType "tourn"]
[EventCountry "POR"]
[SourceTitle "playchess.com"]
[Source "ChessBase"]
[SourceQuality "1"]

{[%evp 18,167,17,19,39,35,50,33,13,14,47,43,51,56,107,113,110,113,162,155,146,163,142,24,27,27,76,50,42,61,46,28,36,6,35,0,27,0,34,32,24,24,19,26,36,0,0,0,11,8,45,31,44,39,33,29,53,12,18,0,64,63,54,0,39,38,28,23,91,83,107,57,107,107,107,107,109,107,118,121,118,97,97,100,107,20,21,9,9,9,9,9,9,9,9,9,9,8,13,8,8,8,9,9,9,9,101,93,178,45,53,53,53,60,88,8,8,8,8,8,8,8,8,0,8,8,8,8,8,8,8,8,8,8,8,8,8,0,8,0,8,0,0,0,0,0,0,0,0,0,8,8]} 1. e4 e6 2. d3 d5 3. Nd2 c5 4. Ngf3 Nc6 5. g3 g6 6. Bg2 Bg7 7. O-O Nge7 8. Re1 Qc7 9. c3 O-O 10. exd5 {LiveBook: 8 Games} exd5 {A08: King's Indian Attack} (10... Nxd5 11. a4 b6 12. Nc4 Ba6 13. Qc2 Rad8 14. Bg5 f6 15. Bd2 e5 16. Rad1 Kh8 17. Bc1 Bc8 18. Na3 {0-1 (41) Kapitanchuk,T (2134)-Erigaisi,A (2359) Ahmedabad 2017}) 11. Nb3 Qb6 $146 ({Predecessor:} 11... b6 12. Bf4 Qd7 13. Ne5 Nxe5 14. Bxe5 Bb7 15. Qf3 Rae8 16. Bxg7 Kxg7 17. h4 h5 18. Re2 {1-0 (36) Lornye,P (2214)-Buksa,N (2160) Lvov 2015}) 12. Bg5 Re8 {White is slightly better.} 13. Qd2 Be6 14. d4 cxd4 $1 15. Nfxd4 Ne5 (15... Bxd4 $14 16. Nxd4 (16. cxd4 Qb4 $14) 16... Nxd4) 16. Nxe6 $16 fxe6 17. Re2 Nf7 {[#]} 18. Rae1 $1 Nxg5 19. Qxg5 e5 20. Rd1 ({White has to play} 20. Rxe5 $16 Bxe5 21. Qxe5 (21. Rxe5 Nc6 $14)) 20... Rad8 21. Red2 {[%cal Rg2d5]} d4 22. Qg4 {[%cal Rc3d4]} Nf5 23. Be4 Rf8 24. Qe2 Kh8 25. Kg2 a5 26. Nc1 Rc8 (26... Nd6 {looks sharper.} 27. Nd3 Qc7 28. Ne1 a4 29. a3 b5) 27. Bxf5 Rxf5 28. cxd4 exd4 29. Rc2 Rxc2 30. Qxc2 Qe6 31. Qb3 Qc6+ 32. Kg1 $1 a4 33. Qd3 Qf6 (33... Kg8 {with more complications.} 34. Qb1 h5 35. Ne2 Rc5 36. Qd3 Qa6) 34. Qd2 h5 35. Nd3 Qf7 36. a3 Rf6 37. Ne5 Qd5 38. Nd3 h4 ({Black should play} 38... Qf7 $11) 39. Nf4 $36 {[%mdl 2048] White fights for an advantage.} Qf3 40. Qd3 ({Better is} 40. Re1 $14) 40... Qxd3 (40... Qg4 {seems wilder.} 41. Ng2 h3 42. Ne1 Re6 43. f3 Qh5) 41. Nxd3 hxg3 42. hxg3 $11 {[%mdl 4096] Endgame KRB-KRN} Rb6 (42... Rc6 $11 {keeps the balance.}) 43. Kf1 $16 g5 44. Ke2 Kh7 45. Rc1 Kg6 46. Rc4 Re6+ 47. Kf3 b5 48. Rc5 Rb6 49. Kg4 Bf6 50. Rd5 Be7 51. Rxd4 (51. Ne5+ $16 Kh6 52. Rxd4) 51... Rd6 $11 52. Rxd6+ Bxd6 {KB-KN} 53. Kf3 {next Ke4 is good for White.} Kf5 54. g4+ Ke6 55. Ke4 Be7 56. f4 gxf4 57. Nxf4+ Kd6 58. Nd5 Bg5 59. Nc3 Kc6 60. Kd3 $1 Be7 61. Kc2 Kc5 (61... Bd8 $11) 62. g5 $1 $16 {[%cal Rg5g6] Threatens to win with g6.} Bf8 {[#]} 63. g6 (63. Ne2 $1 $18) 63... Bg7 $1 $14 64. Ne4+ Kd5 $1 {[%cal Rd5e4]} 65. Ng3 Ke6 66. Nh5 (66. Ne2 $16 {Strongly threatening Nc3.} Kd6 67. Nc3) 66... Be5 $1 $11 {The position is equal.} 67. b3 axb3+ 68. Kxb3 Ke7 69. Ka2 Kf8 70. Kb3 Ke7 71. Kc2 Kf8 72. Kc1 Ke7 73. Kb1 Kf8 74. Kc2 Ke7 75. Kb3 Ke6 76. Kb4 Bd6+ 77. Kb3 Be5 78. Kc2 Ke7 79. Kd3 Bb2 80. Nf4 Bxa3 81. Nd5+ Ke6 82. Nc7+ Kf6 83. Nxb5 Kxg6 84. Nxa3 {Precision: White = 54%, Black = 58%.} 1/2-1/2

[Event "POR-ch Absolute 2018"]
[Site "Braga"]
[Date "2018.09.06"]
[Round "6"]
[White "Rocha, Sergio"]
[Black "Veiga, Jose Francisco R P "]
[Result "*"]
[WhiteElo "2379"]
[BlackElo "2231"]
[Annotator "TA"]
[PlyCount "113"]
[EventDate "2018.09.02"]
[EventType "tourn"]
[EventCountry "POR"]
[SourceTitle "playchess.com"]
[Source "ChessBase"]
[SourceQuality "1"]

{[%evp 26,113,61,27,60,60,62,45,50,33,62,38,45,20,101,14,39,28,27,27,35,-22,-48,-32,0,0,0,0,0,0,13,9,52,0,10,6,10,0,6,0,0,-20,-33,-52,0,-7,8,8,38,38,34,41,56,55,41,28,32,22,22,28,31,51,44,60,37,14,18,8,8,8,8,8,8,0,8,17,63,8,8,8,8,8,8,8,217,8,8,8,8,0]} 1. d4 Nf6 2. Nf3 c5 3. d5 e6 4. c4 exd5 5. cxd5 d6 6. Nc3 g6 7. Bf4 a6 8. a4 Bg7 9. h3 O-O 10. e3 Qe7 {A61: Modern Benoni: Nf3 without early e4} 11. Be2 (11. Bd3 Nbd7 12. O-O Ne8 13. e4 Rb8 14. Re1 Nc7 15. Qd2 Ne5 16. Nxe5 Bxe5 17. Bxe5 Qxe5 18. a5 {1-0 (42) Akobian,V (2647)-Ponkratov,P (2613) Riadh 2017}) 11... Nbd7 12. O-O Ne8 13. Nd2 f5 14. Re1 {LiveBook: 7 Games} Nc7 15. Nc4 Ne5 16. Nb6 Rb8 $146 17. Bh2 g5 18. f4 Nd7 19. Nxc8 Rfxc8 (19... Rbxc8 $11 {keeps the balance.} 20. Qb3 gxf4) 20. fxg5 (20. Qc2 $16) 20... Qxe3+ $11 21. Kh1 Ne5 22. Bxa6 Qxg5 23. Bxe5 ({White should play} 23. Be2 $14) 23... Bxe5 24. Rxe5 bxa6 25. Re2 Re8 26. Rf2 Re5 27. Qf1 Rbe8 28. Rf3 Qd2 {[#] aiming for ...Re1.} 29. Rf2 Qg5 30. Rd1 Kh8 31. Rf3 Rg8 32. Qf2 Ne8 33. Rf1 Nf6 34. g4 {[%cal Rg4f5]} Nxd5 (34... Qh6 $15 35. gxf5 Ng4) 35. Rxf5 Rxf5 36. Qxf5 Qh6 37. Qf3 Ne3 38. Qf6+ Qxf6 39. Rxf6 Rg6 40. Rxg6 hxg6 $14 {[%mdl 4096] Endgame KN-KN} 41. Ne4 Nc4 $1 42. b3 Na5 $1 43. Nxd6 Nxb3 44. Kg2 Kg7 45. h4 {Black should prevent Kf3.} Kf6 $1 46. Kf3 Ke5 47. Nc4+ Kd5 $1 48. Ne3+ Ke5 49. Nc4+ Kd5 $1 50. Nb6+ Ke5 51. h5 (51. Ke3 $14) 51... gxh5 $1 $11 52. gxh5 Kf5 53. Ke3 {Kd3 is the strong threat.} c4 54. Nxc4 {Threatening Nd6+.} Kg5 $2 {[#]} (54... a5 $1 $11) 55. Ne5 $2 (55. Nd2 $1 $18 {[%cal Rd2b3]} Na5 56. Ke4) 55... Nc5 56. a5 Kxh5 57. Nc6 {Precision: White = 37%, Black = 54%.} *